| 000 | 01130nam a2200313 i 4500 | ||
|---|---|---|---|
| 003 | EG-GICUC | ||
| 005 | 20260417235343.0 | ||
| 008 | 260417s1992 ua ||||fr|||| 00| 0 ara d | ||
| 017 | _a1992/1977 | ||
| 020 | _a977-01-2973-9 | ||
| 040 |
_a EG-GICUC _bara _c EG-GICUC _d EG-GICUC _erda |
||
| 041 | 0 | _aara | |
| 082 | 0 | 4 |
_221 _a345.411 _bم ج . ن |
| 092 | 0 | 4 | _221 |
| 099 | _aLaw1 07 345.411 م ج . ن 1992 | ||
| 100 | 0 |
_aمجدی عزیز جرس _eمؤلف. |
|
| 245 | 1 | 0 |
_aنظام ترتيب الوظائف بين النظرية والتطبيق في القطاع الحكومي / _cمجدی عزیز جرس. |
| 264 | 1 |
_aالقاهرة : _bالهيئة المصرية العامة للكتاب، _c1992. |
|
| 300 |
_a557 ؛ صفحة _c24 سم. |
||
| 336 |
_2rda content _atext |
||
| 337 |
_2rda media _aComputer |
||
| 338 |
_2rda carrier _aOnline Resource |
||
| 546 | _aالنص باللغة العربية | ||
| 650 | 1 | 4 | _aترتيب الوظائف العامة |
| 650 | 1 | 4 | _aالقانون الإداري |
| 856 | 4 | 0 | _uhttps://fll.law.cu.edu.eg/fulltext/bks/B07-01412.pdf |
| 905 | _a77 | ||
| 942 |
_2ddc _cBK _e21 _n0 |
||
| 999 |
_c71561 _d71561 |
||